| 000 | 00531nam a2200193Ia 4500 | ||
|---|---|---|---|
| 005 | 20250508150638.0 | ||
| 008 | 008 250505s9999 xx 000 0 eng d | ||
| 037 | _aTextual | ||
| 040 |
_aFEDL _beng _cFEDL |
||
| 041 |
_aeng _2eng |
||
| 084 |
_a302.24, ALL _qFEDL |
||
| 100 | _aAllport Gordon W. | ||
| 245 | 0 | _aPsychology of rumor | |
| 260 |
_aNew York, USA _bHenry Holt and Company _c1947 |
||
| 300 | _axiv,247p. | ||
| 700 |
_a Postman Leo _9757268 |
||
| 942 |
_cTEXL _h302.24, ALL |
||
| 999 |
_c1324776 _d1324776 |
||